000 00774nam a22002417a 4500
005 20160723113957.0
008 160429b xxu||||| |||| 00| 0 eng d
020 _a9780521698825
_c895
040 _beng
041 _aEnglish
082 _a821.91
_bYEA-HOW
245 _aThe Cambridge companion to W.B.Yeats
_cEdited by Marjorie Howes and John Kelly
260 _aCambridge
_bCambridge University Press
_c2006
300 _axvi,242p
_b23 cm
440 _aThe Cambridge Companion
504 _aIncludes bibliographical references and index
600 _aYeats, W.B.(William Butler)
_d1865-1939
_xCriticism and interpretation
650 _aLiterature in English
700 _4ed.
_aHowes, Marjorie
700 _4ed.
_aKelly, John
850 _aLCLIB
_bPG
942 _cBK
999 _c40595
_d91074